01142naa a22002777a 4500001001000000003000900010005001700019007000300036008003400039040005400073041000900127072001500136090001800151100001800169111007900187245006300266500010400329773010300433650002200536650001300558490009900571942001500670909004000685999001900725952012000744BR9101821BR-BrBNA20250721155401.0ta250630b bl.|||m| |||| 00| 0 por d aBR-BrBNAbporcBiblioteca Nacional de Agricultura a(Pt) aA50b/G514 aA50 BR91018211 aMoraes, E. de1 a2. Seminario Agropecuario do AcrecRio Branco, AC (Brazil)d13-17 Oct 19861 aRumos da pesquisa agropecuaria no tropico umido brasileiro aAnais do 2. Seminario Agropecuario do Acre Rio Branco, AC (Brasil): 1988. p. 49-56 (BR9101821-AMS) 0 tAnais do 2. Seminario Agropecuario do AcrewA50 BR9101821gRio Branco, AC (Brasil), 1988. p. 49-56 aPESQUISA AGRICOLA aAMAZONIA aDocumentos - Unidade de Execucao de Pesquisa de Ambito Estadual de Rio Branco (Brazil)vNo. 10 cAMS2AGRIS a202506bLúciac55dLúcia Elande c336203d336203 002AGRIS40708AGROBASEa41918b41918l0r2025-06-30t01yAMS10d2025-06-30ePortaria Interministerial nº 164/94